Language Quiz

Random Language or Spanish Quiz

Spanish Personal Hygiene Quiz Stats

 Plays Quiz not verified by Sporcle

Also try: One's Not a Word
Challenge
Share
Tweet
Score 0/13 Timer 06:00
0 Plays Today
% Correct
Ducharse
81.5%
Lavarse la cara
55.6%
el baño
55.6%
Cepillarse el Pello
51.9%
Maquillarse
48.1%
La toalla
40.7%
Bañarse
40.7%
el jabón
37%
El champú
33.3%
el espejo
25.9%
Las Manos
18.5%
Cepillarse los dientes
18.5%
El despertador
7.4%

You're not logged in!

Compare scores with friends on all Sporcle quizzes.
OR
Log In

You Might Also Like...

Show Comments

Extras

Top Quizzes Today


Score Distribution

Your Account Isn't Verified!

In order to create a playlist on Sporcle, you need to verify the email address you used during registration. Go to your Sporcle Settings to finish the process.

Report this User

Report this user for behavior that violates our Community Guidelines.

Details: